Name All Cast Members of The Real Housewives of Beverly Hills - Statistics

General Stats
  • This quiz has been taken 92 times
  • The average score is 17 of 21
Answer Stats
Hint Answer % Correct
5 Lisa Rinna
99%
1 Lisa Vanderpump
99%
1 Kyle Richards
96%
1 Adrienne Maloof
94%
1 Kim Richards
94%
3 Brandi Glanville
91%
6 Erika Girardi
91%
7 Dorit Kemsley
88%
1 Taylor Armstrong
88%
1 Camille Grammer
87%
10 Garcelle Beauvais
84%
11 Sutton Stracke
84%
5 Eileen Davidson
81%
8 Teddi Mellencamp
78%
3 Yolanda Hadid
77%
4 Carlton Gebbia
75%
11 Crystal Kung Minkoff
72%
4 Joyce Giraud de Ohoven
72%
9 Denise Richards
64%
12 Diana Jenkins
58%
6 Kathryn Edwards
57%
No matching quizzes found
Score Distribution
Percent of People with Each Score
Percentile by Number Answered
Your Score History
You have not taken this quiz